000 00655nam a2200229Ia 4500
003 OSt
005 20220925214705.0
006 a|||||r|||| 00| 0
007 ta
008 220923b |||||||| |||| 00| 0 eng d
037 _cGeneral Book
040 _aRTL
_cRTL
_beng
041 _2eng
_aeng
082 _aY9(X:97D).59M.N7, M0
100 _aHayward Jack Ed.
_9280949
245 0 _aTrade unions and politics in western Europe
260 _aLondon
_bFrank Cass
_c1980
300 _a138p
_ccm.
650 _aTrade Union Sociology
942 _hY9(X:97D).59M.N7, M0
_cGB
_2CC
999 _c566288
_d566288